| 000 | 00616nam a2200181 a 4500 | ||
|---|---|---|---|
| 001 | 000403456 | ||
| 003 | AM-YeHGA | ||
| 005 | 20250618072402.0 | ||
| 008 | 050118s1912 ai 000 | arm d | ||
| 040 | _aAM-YeHGA | ||
| 041 | 0 | _aarm | |
| 100 | 1 |
_aԲաշինջաղյան, Գևորգ Զաքարի, _d1857-1925 _92902 |
|
| 245 | 1 | 0 |
_aՈւսանողներ : _bՊատկերներ 3 արարուածով / _cԳ. Բաշինջաղեան. |
| 260 |
_aԹիֆլիս : _bտպ. Էպօխա, _c1912. |
||
| 300 |
_a80 էջ ; _c24 սմ. |
||
| 650 | 1 | 4 |
_aՀայ գրականություն _xԹատերգություն |
| 090 | _c154489 | ||
| 999 |
_c153093 _d153093 |
||